000 01104nam a2200313Ia 4500
001 Para_9685
003 CHAP
008 220125s9999 xx 000 0 und d
010 _a208361
040 _cCHAP
090 _aPA TESIS 2306
100 _aAcevedo Peralta, Antonio Ismael
_9516
245 _aEstimulación del comportamiento poblacional de Epilachna varivestis Muls. (Coleoptera :
_b coccinellidae) utilizando un modelo de simulación /
_c Antonio Ismael Acevedo Peralta.
260 _aChapingo, Méx. :
_b el autor,2009
300 _a63 h.
502 _aTesis (M.C. Esp. en Protección Vegetal) UACh. Departamento Parasitología Agrícola
650 _aCatarina del frijol
_9174688
650 _aConchuela del frijol
_9174689
650 _aDinamica de población de insectos
_9174690
650 _aFrijol
_x plagas
_943415
710 _aUACh. Departamento Parasitología Agrícola
_9164025
901 _aPA TESIS 2306
902 _aM
905 _a500220 8000000000 00
910 _a
942 _cPARA
942 _cPARA
_d2
999 _c208361
_d208361